[Event "Open International Graz"]
[Date "2026.02.19"]
[White "Czernek, Tymon"]
[Black "Silva, Pedro Gil Ferreira Da"]
[WhiteElo "2403"]
[BlackElo "2329"]
[Round "8.8.14"]
[Result "1/2-1/2"]

e4 {[%clk 1:28:51]} e5 {[%clk 1:29:49]} Nf3 {[%clk 1:29:15]} Nf6 {[%clk
1:30:15]} Nxe5 {[%clk 1:28:02]} d6 {[%clk 1:30:40]} Nf3 {[%clk 1:28:24]} Nxe4
{[%clk 1:31:04]} c4 {[%clk 1:28:34]} Nc6 {[%clk 1:31:27]} d3 {[%clk 1:27:31]}
Nf6 {[%clk 1:31:40]} d4 {[%clk 1:27:19]} Be7 {[%clk 1:29:32]} Nc3 {[%clk
1:26:02]} d5 {[%clk 1:28:02]} c5 {[%clk 1:25:59]} O-O {[%clk 1:19:40]} Be2
{[%clk 1:22:14]} b6 {[%clk 1:10:02]} cxb6 {[%clk 1:21:48]} axb6 {[%clk 1:10:16]}
O-O {[%clk 1:21:59]} Ne4 {[%clk 1:00:24]} Nb5 {[%clk 1:09:35]} Na5 {[%clk
0:53:43]} Bf4 {[%clk 1:07:19]} c6 {[%clk 0:48:31]} Bc7 {[%clk 1:07:27]} Qe8
{[%clk 0:47:40]} Nc3 {[%clk 1:07:24]} Nxc3 {[%clk 0:47:11]} bxc3 {[%clk
1:07:48]} Bd8 {[%clk 0:46:49]} Bf4 {[%clk 1:05:58]} Bf5 {[%clk 0:41:17]} Re1
{[%clk 1:05:14]} Qd7 {[%clk 0:40:59]} Ne5 {[%clk 1:04:09]} Qc8 {[%clk 0:41:12]}
Bg4 {[%clk 0:57:25]} Bf6 {[%clk 0:31:57]} Qf3 {[%clk 0:47:51]} Bxe5 {[%clk
0:27:24]} Bxf5 {[%clk 0:48:15]} Qxf5 {[%clk 0:27:48]} Rxe5 {[%clk 0:48:43]} Qf6
{[%clk 0:27:29]} Rae1 {[%clk 0:44:47]} Nc4 {[%clk 0:27:08]} R5e2 {[%clk
0:45:07]} Qf5 {[%clk 0:24:01]} g4 {[%clk 0:41:47]} Qf6 {[%clk 0:22:32]} Qg3
{[%clk 0:40:32]} c5 {[%clk 0:18:57]} h4 {[%clk 0:36:25]} cxd4 {[%clk 0:17:42]}
Bg5 {[%clk 0:36:22]} Qc6 {[%clk 0:16:51]} Be7 {[%clk 0:36:36]} d3 {[%clk
0:15:39]} Qxd3 {[%clk 0:36:05]} Rfe8 {[%clk 0:16:04]} h5 {[%clk 0:35:08]} h6
{[%clk 0:15:57]} Qd4 {[%clk 0:29:12]} Ra4 {[%clk 0:12:12]} Bb4 {[%clk 0:28:41]}
Rxe2 {[%clk 0:11:40]} Rxe2 {[%clk 0:29:10]} Ra8 {[%clk 0:11:42]} Qd3 {[%clk
0:24:42]} Nd6 {[%clk 0:08:01]} Re5 {[%clk 0:21:44]} Ne4 {[%clk 0:03:38]} Rxd5
{[%clk 0:21:34]} Ng5 {[%clk 0:03:52]} c4 {[%clk 0:19:10]} Re8 {[%clk 0:01:18]}
Bc3 {[%clk 0:14:08]} Qe6 {[%clk 0:15:19]} Rd4 {[%clk 0:20:27]} Qc6 {[%clk
0:08:59]} Rd6 {[%clk 0:15:43]} Qa8 {[%clk 0:06:50]} Rd5 {[%clk 0:07:47]} Qxa2
{[%clk 0:06:41]} Rd8 {[%clk 0:05:25]} Qa4 {[%clk 0:04:21]} Qd5 {[%clk 0:04:16]}
Rxd8 {[%clk 0:03:07]} Qxd8+ {[%clk 0:04:41]} Kh7 {[%clk 0:03:32]} Qd3+ {[%clk
0:04:53]} Kg8 {[%clk 0:04:01]} Qd8+ {[%clk 0:04:56]} Kh7 {[%clk 0:04:27]} Qd3+
{[%clk 0:05:24]} Kg8 {[%clk 0:04:54]} Qd8+ {[%clk 0:04:07]}

[Variant "Standard"]
[Site "Europe Echecs"]

[Event "Open International Graz"]
[Date "2026.02.19"]
[White "Hovakimyan, Vache"]
[Black "Suder, Jakub"]
[WhiteElo "2287"]
[BlackElo "2400"]
[Round "8.8.15"]
[Result "1/2-1/2"]

c4 {[%clk 1:28:43]} e6 {[%clk 1:30:43]} Nc3 {[%clk 1:29:06]} d5 {[%clk 1:31:06]}
d4 {[%clk 1:29:29]} Nf6 {[%clk 1:31:29]} cxd5 {[%clk 1:29:51]} exd5 {[%clk
1:31:54]} Bg5 {[%clk 1:30:12]} c6 {[%clk 1:32:02]} e3 {[%clk 1:30:00]} h6 {[%clk
1:32:19]} Bh4 {[%clk 1:30:57]} Be7 {[%clk 1:32:43]} Bd3 {[%clk 1:31:20]} O-O
{[%clk 1:33:01]} Nge2 {[%clk 1:31:18]} Re8 {[%clk 1:33:15]} O-O {[%clk 1:31:40]}
Nbd7 {[%clk 1:33:25]} a4 {[%clk 1:31:55]} a6 {[%clk 1:22:32]} a5 {[%clk
1:24:37]} Nh5 {[%clk 1:16:49]} Bxe7 {[%clk 1:24:56]} Qxe7 {[%clk 1:16:43]} Nc1
{[%clk 1:24:48]} Qh4 {[%clk 1:12:03]} Be2 {[%clk 1:18:59]} Nhf6 {[%clk 1:06:51]}
Nd3 {[%clk 1:11:55]} Nf8 {[%clk 1:03:57]} Qd2 {[%clk 1:03:14]} Ng6 {[%clk
1:02:56]} f3 {[%clk 0:57:28]} Nh5 {[%clk 0:52:28]} Rfe1 {[%clk 0:56:16]} Re7
{[%clk 0:47:03]} Nc5 {[%clk 0:53:43]} Qg5 {[%clk 0:44:44]} Bf1 {[%clk 0:52:01]}
Bf5 {[%clk 0:41:42]} Qf2 {[%clk 0:42:37]} Rae8 {[%clk 0:35:17]} e4 {[%clk
0:41:16]} dxe4 {[%clk 0:32:35]} fxe4 {[%clk 0:41:30]} Bc8 {[%clk 0:32:18]} e5
{[%clk 0:39:25]} Nhf4 {[%clk 0:28:48]} Kh1 {[%clk 0:34:41]} f5 {[%clk 0:28:00]}
exf6 {[%clk 0:17:37]} Qxf6 {[%clk 0:25:16]} N3e4 {[%clk 0:17:53]} Qf8 {[%clk
0:24:54]} Ra3 {[%clk 0:16:15]} Bf5 {[%clk 0:18:01]} Rae3 {[%clk 0:14:57]} Kh8
{[%clk 0:13:38]} Nc3 {[%clk 0:09:51]} Bg4 {[%clk 0:12:36]} Kg1 {[%clk 0:07:37]}
Qf6 {[%clk 0:11:02]} g3 {[%clk 0:01:03]} Rxe3 {[%clk 0:08:58]} Rxe3 {[%clk
0:01:29]} Rxe3 {[%clk 0:08:43]} Qxe3 {[%clk 0:01:55]} Nh3+ {[%clk 0:08:55]} Bxh3
{[%clk 0:02:21]} Bxh3 {[%clk 0:09:21]} Qf2 {[%clk 0:02:45]} Qg5 {[%clk 0:09:41]}
Qe1 {[%clk 0:00:57]} Ne7 {[%clk 0:04:49]} Nxb7 {[%clk 0:00:39]} Nf5 {[%clk
0:04:48]} Nc5 {[%clk 0:00:36]} Nxd4 {[%clk 0:04:14]} Qe8+ {[%clk 0:09:56]} Kh7
{[%clk 0:19:37]} Qe4+ {[%clk 0:10:23]} Nf5 {[%clk 0:19:58]} Qf4 {[%clk 0:10:47]}
Qd8 {[%clk 0:18:01]} b4 {[%clk 0:05:31]} Kh8 {[%clk 0:11:44]} g4 {[%clk
0:04:12]} Qh4 {[%clk 0:10:25]} Nd3 {[%clk 0:04:37]} Qf6 {[%clk 0:07:12]} Qxf5
{[%clk 0:00:37]} Qxc3 {[%clk 0:07:15]} Qf8+ {[%clk 0:00:34]} Kh7 {[%clk
0:07:40]} Qf5+ {[%clk 0:01:00]} Kh8 {[%clk 0:07:54]} Qf8+ {[%clk 0:01:10]}

[Variant "Standard"]
[Site "Europe Echecs"]

[Event "Open International Graz"]
[Date "2026.02.19"]
[White "Stamatiou, Rodolfos"]
[Black "Brilej, Jaka"]
[WhiteElo "2273"]
[BlackElo "2397"]
[Round "8.8.16"]
[Result "1/2-1/2"]

d4 {[%clk 1:30:58]} Nf6 {[%clk 1:26:17]} c4 {[%clk 1:30:53]} e6 {[%clk 1:26:35]}
Nf3 {[%clk 1:30:59]} d5 {[%clk 1:26:16]} g3 {[%clk 1:31:06]} Be7 {[%clk
1:26:08]} Bg2 {[%clk 1:31:20]} Ne4 {[%clk 1:26:10]} O-O {[%clk 1:28:54]} f5
{[%clk 1:25:54]} Nc3 {[%clk 1:25:23]} c6 {[%clk 1:24:52]} Ne5 {[%clk 1:23:22]}
Nd7 {[%clk 1:24:09]} Nxd7 {[%clk 1:18:21]} Bxd7 {[%clk 1:22:22]} Qb3 {[%clk
1:12:13]} Bf6 {[%clk 1:12:26]} Be3 {[%clk 1:06:52]} Qb6 {[%clk 1:06:46]} Qa3
{[%clk 1:04:32]} h5 {[%clk 0:55:58]} Nxe4 {[%clk 0:59:42]} fxe4 {[%clk 0:55:51]}
c5 {[%clk 0:56:11]} Qc7 {[%clk 0:50:35]} f3 {[%clk 0:53:00]} exf3 {[%clk
0:46:44]} Rxf3 {[%clk 0:50:21]} e5 {[%clk 0:43:04]} dxe5 {[%clk 0:45:35]} Qxe5
{[%clk 0:42:54]} Bf4 {[%clk 0:41:22]} Qxb2 {[%clk 0:34:24]} Qxb2 {[%clk
0:41:17]} Bxb2 {[%clk 0:34:48]} Rb1 {[%clk 0:41:42]} Bd4+ {[%clk 0:34:52]} Be3
{[%clk 0:41:54]} Be5 {[%clk 0:34:07]} Rxb7 {[%clk 0:40:21]} Bc8 {[%clk 0:31:30]}
Rb4 {[%clk 0:36:44]} Bg4 {[%clk 0:29:35]} Rf1 {[%clk 0:33:34]} O-O-O {[%clk
0:27:56]} Bg5 {[%clk 0:23:34]} Rd7 {[%clk 0:22:43]} Rfb1 {[%clk 0:22:39]} Re8
{[%clk 0:18:21]} e3 {[%clk 0:19:38]} Rc7 {[%clk 0:13:44]} Bf1 {[%clk 0:07:21]}
Kd7 {[%clk 0:09:40]} Bd3 {[%clk 0:07:30]} Rf8 {[%clk 0:09:25]} Bg6 {[%clk
0:04:09]} Ke6 {[%clk 0:06:54]} Rb8 {[%clk 0:03:44]} Rxb8 {[%clk 0:04:40]} Rxb8
{[%clk 0:04:12]} Bf6 {[%clk 0:01:58]} Bf4 {[%clk 0:04:07]} Rd7 {[%clk 0:02:14]}
Rc8 {[%clk 0:01:42]} d4 {[%clk 0:02:34]} e4 {[%clk 0:01:24]} d3 {[%clk 0:02:49]}
Rxc6+ {[%clk 0:01:38]} Ke7 {[%clk 0:03:14]} Rd6 {[%clk 0:00:47]} Bd4+ {[%clk
0:03:14]} Kf1 {[%clk 0:00:50]} Be2+ {[%clk 0:01:46]} Ke1 {[%clk 0:00:53]} Bxc5
{[%clk 0:02:08]} Rxd7+ {[%clk 0:00:58]} Kxd7 {[%clk 0:02:29]} Kd2 {[%clk
0:11:02]} Bb4+ {[%clk 0:16:56]} Ke3 {[%clk 0:09:37]} Bc5+ {[%clk 0:16:21]} Kd2
{[%clk 0:09:59]} Bb4+ {[%clk 0:16:41]} Ke3 {[%clk 0:10:02]} Bc5+ {[%clk
0:16:22]} Kd2 {[%clk 0:10:17]}

[Variant "Standard"]
[Site "Europe Echecs"]

[Event "Open International Graz"]
[Date "2026.02.19"]
[White "Sherman, Raem"]
[Black "Paikens, Reinis"]
[WhiteElo "2388"]
[BlackElo "2246"]
[Round "8.8.17"]
[Result "1/2-1/2"]

e4 {[%clk 1:30:57]} c5 {[%clk 1:29:28]} Nf3 {[%clk 1:31:18]} e6 {[%clk 1:29:51]}
d4 {[%clk 1:31:42]} cxd4 {[%clk 1:30:14]} Nxd4 {[%clk 1:32:07]} a6 {[%clk
1:30:38]} h3 {[%clk 1:32:27]} Nf6 {[%clk 1:30:52]} Bd3 {[%clk 1:32:43]} e5
{[%clk 1:29:56]} Nb3 {[%clk 1:33:07]} d5 {[%clk 1:27:18]} exd5 {[%clk 1:32:49]}
e4 {[%clk 1:27:38]} Qe2 {[%clk 1:21:25]} Qxd5 {[%clk 1:22:29]} N3d2 {[%clk
1:16:36]} Bb4 {[%clk 1:21:32]} O-O {[%clk 1:10:32]} Bf5 {[%clk 1:19:55]} Nc3
{[%clk 1:00:06]} Bxc3 {[%clk 1:16:58]} bxc3 {[%clk 1:00:31]} O-O {[%clk
1:17:10]} Bc4 {[%clk 1:00:58]} Qc6 {[%clk 1:16:05]} Bb3 {[%clk 0:59:28]} b5
{[%clk 1:05:29]} c4 {[%clk 0:54:52]} Nbd7 {[%clk 1:05:16]} Bb2 {[%clk 0:54:46]}
Rfe8 {[%clk 1:04:16]} Qe3 {[%clk 0:51:20]} Be6 {[%clk 0:53:02]} cxb5 {[%clk
0:48:04]} axb5 {[%clk 0:53:16]} Rfc1 {[%clk 0:47:50]} Bc4 {[%clk 0:52:19]} a4
{[%clk 0:42:19]} Qd5 {[%clk 0:38:14]} axb5 {[%clk 0:39:11]} Rxa1 {[%clk
0:37:04]} Bxa1 {[%clk 0:38:20]} Bxb3 {[%clk 0:37:24]} cxb3 {[%clk 0:38:21]} Qxb5
{[%clk 0:37:37]} Rc4 {[%clk 0:36:34]} h6 {[%clk 0:36:51]} Qc3 {[%clk 0:32:43]}
Qg5 {[%clk 0:34:01]} Qe3 {[%clk 0:28:59]} Qxe3 {[%clk 0:27:35]} fxe3 {[%clk
0:29:20]} Nb6 {[%clk 0:27:52]} Rc2 {[%clk 0:28:55]} Nfd5 {[%clk 0:26:37]} Rc6
{[%clk 0:26:37]} Rc8 {[%clk 0:24:26]} Rxc8+ {[%clk 0:26:10]} Nxc8 {[%clk
0:24:49]} Nxe4 {[%clk 0:26:13]} Nxe3 {[%clk 0:25:12]} Bd4 {[%clk 0:26:25]} Nd5
{[%clk 0:24:38]} Kf2 {[%clk 0:24:43]} f5 {[%clk 0:24:36]} Nc3 {[%clk 0:24:40]}
Nf4 {[%clk 0:20:12]} Kf3 {[%clk 0:24:04]} Ne6 {[%clk 0:19:43]} Bf2 {[%clk
0:24:06]} Kf7 {[%clk 0:19:35]} Nd5 {[%clk 0:23:42]} Nd6 {[%clk 0:19:16]} b4
{[%clk 0:23:45]} g5 {[%clk 0:19:12]} Ke3 {[%clk 0:20:12]} f4+ {[%clk 0:18:04]}
Kf3 {[%clk 0:19:09]} h5 {[%clk 0:17:34]} Nc3 {[%clk 0:16:43]} Kg6 {[%clk
0:17:30]} Bc5 {[%clk 0:15:37]} Nb7 {[%clk 0:17:48]} Ba7 {[%clk 0:11:10]} Kf5
{[%clk 0:18:06]} Ke2 {[%clk 0:10:53]} g4 {[%clk 0:16:33]} hxg4+ {[%clk 0:11:16]}
hxg4 {[%clk 0:16:58]} Kd3 {[%clk 0:11:17]} Nd6 {[%clk 0:07:49]} Bb8 {[%clk
0:10:42]} Nf7 {[%clk 0:06:31]} b5 {[%clk 0:08:15]} Ne5+ {[%clk 0:06:00]} Bxe5
{[%clk 0:08:10]} Kxe5 {[%clk 0:06:55]} Ne4 {[%clk 0:07:02]} Nd4 {[%clk 0:05:39]}
b6 {[%clk 0:07:06]} Nc6 {[%clk 0:06:03]} b7 {[%clk 0:07:18]} Nb8 {[%clk
0:04:48]} Nf2 {[%clk 0:05:33]} Nd7 {[%clk 0:04:33]} Kc3 {[%clk 0:04:15]} Kd6
{[%clk 0:02:59]} Nxg4 {[%clk 0:03:33]} Kc7 {[%clk 0:03:24]} Kd4 {[%clk 0:03:51]}
Nf8 {[%clk 0:02:03]} Ne5 {[%clk 0:03:21]} Kxb7 {[%clk 0:02:20]} Ke4 {[%clk
0:03:45]} Kc7 {[%clk 0:02:46]} Kxf4 {[%clk 0:04:09]} Kd6 {[%clk 0:02:09]} Kf5
{[%clk 0:04:19]} Ne6 {[%clk 0:02:08]} Kf6 {[%clk 0:02:30]} Nf4 {[%clk 0:01:56]}
Nf7+ {[%clk 0:02:56]} Kd7 {[%clk 0:02:15]} g4 {[%clk 0:03:10]} Nh3 {[%clk
0:02:38]} Ne5+ {[%clk 0:03:11]} Ke8 {[%clk 0:03:00]} Nd3 {[%clk 0:03:18]} Kf8
{[%clk 0:03:11]} Kg6 {[%clk 0:03:08]} Kg8 {[%clk 0:03:36]} Kh5 {[%clk 0:03:10]}
Kg7 {[%clk 0:04:01]} Kh4 {[%clk 0:03:19]} Ng1 {[%clk 0:04:25]} Kg3 {[%clk
0:03:26]} Ne2+ {[%clk 0:04:49]} Kf3 {[%clk 0:03:27]} Nd4+ {[%clk 0:05:00]} Ke4
{[%clk 0:03:27]} Ne6 {[%clk 0:05:23]} Ke5 {[%clk 0:03:35]} Ng5 {[%clk 0:05:48]}
Kf5 {[%clk 0:03:33]} Nf7 {[%clk 0:06:05]} Kf4 {[%clk 0:03:43]} Nh6 {[%clk
0:06:32]} g5 {[%clk 0:04:06]} Nf7 {[%clk 0:06:59]} g6 {[%clk 0:04:28]} Kxg6
{[%clk 0:07:22]} Ke4 {[%clk 0:03:36]}

[Variant "Standard"]
[Site "Europe Echecs"]

[Event "Open International Graz"]
[Date "2026.02.19"]
[White "Diermair, Andreas"]
[Black "Ammar, Sedrani"]
[WhiteElo "2447"]
[BlackElo "2239"]
[Round "8.8.18"]
[Result "1/2-1/2"]

Nf3 {[%clk 1:30:57]} Nf6 {[%clk 1:30:32]} g3 {[%clk 1:31:11]} d5 {[%clk
1:30:56]} Bg2 {[%clk 1:31:37]} c6 {[%clk 1:31:13]} O-O {[%clk 1:31:45]} Bg4
{[%clk 1:31:33]} c4 {[%clk 1:30:14]} e6 {[%clk 1:31:57]} d3 {[%clk 1:29:06]}
dxc4 {[%clk 1:31:09]} dxc4 {[%clk 1:24:41]} Qxd1 {[%clk 1:31:31]} Rxd1 {[%clk
1:25:09]} Nbd7 {[%clk 1:31:50]} Bf4 {[%clk 1:23:47]} Be7 {[%clk 1:20:59]} h3
{[%clk 1:21:23]} Bf5 {[%clk 1:20:26]} g4 {[%clk 1:16:12]} Bc2 {[%clk 1:18:29]}
Rd2 {[%clk 1:15:46]} Bg6 {[%clk 1:18:50]} Nc3 {[%clk 1:15:07]} O-O-O {[%clk
1:05:37]} Nh4 {[%clk 1:12:13]} Nb6 {[%clk 1:01:40]} Nxg6 {[%clk 1:12:19]} hxg6
{[%clk 1:02:06]} Rxd8+ {[%clk 1:06:48]} Bxd8 {[%clk 0:58:40]} b3 {[%clk
1:00:28]} Bc7 {[%clk 0:57:58]} Be3 {[%clk 1:00:42]} Be5 {[%clk 0:55:25]} Rc1
{[%clk 1:01:07]} Rd8 {[%clk 0:55:50]} g5 {[%clk 0:50:44]} Nh5 {[%clk 0:53:29]}
Ne4 {[%clk 0:39:20]} Nf4 {[%clk 0:51:44]} Bf1 {[%clk 0:38:41]} Rh8 {[%clk
0:51:03]} Bxf4 {[%clk 0:30:36]} Bxf4 {[%clk 0:51:28]} Rc3 {[%clk 0:29:59]} Bc7
{[%clk 0:48:14]} Rf3 {[%clk 0:26:02]} Rf8 {[%clk 0:48:15]} h4 {[%clk 0:25:28]}
Nd7 {[%clk 0:48:01]} e3 {[%clk 0:18:29]} Kd8 {[%clk 0:47:32]} Be2 {[%clk
0:18:12]} Ke7 {[%clk 0:47:54]} Rh3 {[%clk 0:17:56]} Rh8 {[%clk 0:48:18]} Kg2
{[%clk 0:17:24]} Rh7 {[%clk 0:47:33]}

[Variant "Standard"]
[Site "Europe Echecs"]

[Event "Open International Graz"]
[Date "2026.02.19"]
[White "Zverev, Lev"]
[Black "Utsab Chatterjee"]
[WhiteElo "2453"]
[BlackElo "2313"]
[Round "8.8.19"]
[Result "1/2-1/2"]

e4 {[%clk 1:30:44]} e5 {[%clk 1:29:59]} Nf3 {[%clk 1:31:08]} Nc6 {[%clk
1:30:24]} Bc4 {[%clk 1:31:32]} Nf6 {[%clk 1:30:39]} d3 {[%clk 1:31:56]} Bc5
{[%clk 1:31:01]} O-O {[%clk 1:32:19]} a6 {[%clk 1:31:21]} c3 {[%clk 1:32:18]} d6
{[%clk 1:31:43]} Re1 {[%clk 1:30:22]} Ba7 {[%clk 1:31:55]} Bb3 {[%clk 1:30:44]}
h6 {[%clk 1:31:49]} Nbd2 {[%clk 1:30:34]} O-O {[%clk 1:31:23]} h3 {[%clk
1:30:33]} Re8 {[%clk 1:30:28]} Nf1 {[%clk 1:30:55]} Be6 {[%clk 1:30:51]} Bc2
{[%clk 1:28:09]} d5 {[%clk 1:30:40]} exd5 {[%clk 1:28:31]} Bxd5 {[%clk 1:28:39]}
Ng3 {[%clk 1:28:53]} Qd7 {[%clk 1:27:11]} Be3 {[%clk 1:28:48]} Bxe3 {[%clk
1:13:23]} Rxe3 {[%clk 1:29:07]} Qd6 {[%clk 1:11:31]} Nf5 {[%clk 1:17:05]} Qf8
{[%clk 1:10:22]} d4 {[%clk 1:11:05]} exd4 {[%clk 1:03:39]} N3xd4 {[%clk
1:11:18]} Rxe3 {[%clk 1:02:29]} Nxe3 {[%clk 1:07:52]} Rd8 {[%clk 1:02:42]} Nxc6
{[%clk 1:07:56]} Bxc6 {[%clk 1:03:06]} Qe2 {[%clk 1:08:19]} g6 {[%clk 1:00:35]}
Qc4 {[%clk 1:00:08]} Kg7 {[%clk 0:59:38]} Qh4 {[%clk 0:59:33]} Qc5 {[%clk
0:58:22]} Bb3 {[%clk 0:44:40]} Rd2 {[%clk 0:56:28]} Qc4 {[%clk 0:44:11]} Qxc4
{[%clk 0:48:12]} Nxc4 {[%clk 0:44:35]} Re2 {[%clk 0:48:22]} Kf1 {[%clk 0:41:49]}
Re7 {[%clk 0:48:38]} Na5 {[%clk 0:39:44]} Be4 {[%clk 0:48:53]} Rd1 {[%clk
0:38:04]} b6 {[%clk 0:43:27]} Nc4 {[%clk 0:38:26]} Rd7 {[%clk 0:43:30]} Ne5
{[%clk 0:36:38]} Rxd1+ {[%clk 0:43:49]} Bxd1 {[%clk 0:37:02]} Bd5 {[%clk
0:39:44]} Bb3 {[%clk 0:37:09]} Bxb3 {[%clk 0:35:16]} axb3 {[%clk 0:37:35]} Ne4
{[%clk 0:35:40]} Ke2 {[%clk 0:37:48]} Kf6 {[%clk 0:36:02]} Ng4+ {[%clk 0:37:22]}
Ke6 {[%clk 0:36:24]} Nxh6 {[%clk 0:31:14]} Nc5 {[%clk 0:33:23]} Ng4 {[%clk
0:31:06]} Nxb3 {[%clk 0:33:40]} Ne3 {[%clk 0:31:26]} b5 {[%clk 0:32:58]} h4
{[%clk 0:31:42]} f5 {[%clk 0:28:43]} g3 {[%clk 0:31:25]} c5 {[%clk 0:25:36]} f3
{[%clk 0:31:17]} c4 {[%clk 0:20:10]} g4 {[%clk 0:29:58]} fxg4 {[%clk 0:20:36]}
fxg4 {[%clk 0:30:23]} Nc5 {[%clk 0:20:48]} h5 {[%clk 0:20:13]} Ke5 {[%clk
0:20:42]}

[Variant "Standard"]
[Site "Europe Echecs"]

[Event "Open International Graz"]
[Date "2026.02.19"]
[White "Kushagra Mohan"]
[Black "Dumbelovic, Novak"]
[WhiteElo "2432"]
[BlackElo "2312"]
[Round "8.8.20"]
[Result "1-0"]

e4 {[%clk 1:29:31]} e6 {[%clk 1:30:48]} d4 {[%clk 1:29:57]} d5 {[%clk 1:30:55]}
Nc3 {[%clk 1:30:22]} Nf6 {[%clk 1:30:41]} Bg5 {[%clk 1:30:48]} dxe4 {[%clk
1:30:57]} Nxe4 {[%clk 1:31:14]} Be7 {[%clk 1:31:07]} Bxf6 {[%clk 1:31:40]} gxf6
{[%clk 1:31:27]} Qd2 {[%clk 1:32:06]} c5 {[%clk 1:31:14]} Nf3 {[%clk 1:30:48]}
cxd4 {[%clk 1:26:57]} Nxd4 {[%clk 1:30:05]} f5 {[%clk 1:20:22]} Ng3 {[%clk
1:16:48]} Bf6 {[%clk 0:57:02]} Bb5+ {[%clk 1:12:55]} Bd7 {[%clk 0:46:19]} Nh5
{[%clk 0:59:09]} Bxb5 {[%clk 0:22:27]} Nxf6+ {[%clk 0:58:17]} Qxf6 {[%clk
0:22:50]} Nxb5 {[%clk 0:58:45]} Qe5+ {[%clk 0:23:09]} Qe2 {[%clk 0:59:10]} Qxe2+
{[%clk 0:22:01]} Kxe2 {[%clk 0:59:39]} Na6 {[%clk 0:22:30]} Rhd1 {[%clk
0:59:41]} Ke7 {[%clk 0:21:53]} Rd4 {[%clk 0:59:22]} Rhc8 {[%clk 0:16:01]} c3
{[%clk 0:59:34]} Nc7 {[%clk 0:13:45]} Nd6 {[%clk 0:56:13]} Rd8 {[%clk 0:14:01]}
Rad1 {[%clk 0:56:28]} b6 {[%clk 0:12:48]} a4 {[%clk 0:52:56]} Rab8 {[%clk
0:12:10]} Nxf7 {[%clk 0:51:00]} Rxd4 {[%clk 0:06:49]} Rxd4 {[%clk 0:51:25]} Nd5
{[%clk 0:07:06]} Ne5 {[%clk 0:51:42]} Rc8 {[%clk 0:06:36]} g3 {[%clk 0:49:09]}
Kf6 {[%clk 0:05:57]} f4 {[%clk 0:49:20]} Ke7 {[%clk 0:06:12]} Rc4 {[%clk
0:46:24]} Rxc4 {[%clk 0:05:37]} Nxc4 {[%clk 0:46:49]} Nf6 {[%clk 0:05:59]} Ne5
{[%clk 0:45:35]} Kd6 {[%clk 0:06:01]} Kd3 {[%clk 0:45:55]} Ne4 {[%clk 0:02:39]}
b4 {[%clk 0:45:48]} Nf6 {[%clk 0:02:29]} c4 {[%clk 0:45:24]} Ne4 {[%clk
0:01:41]} Kd4 {[%clk 0:45:17]} Nd2 {[%clk 0:01:39]} Nf7+ {[%clk 0:35:37]} Ke7
{[%clk 0:01:50]} Ng5 {[%clk 0:36:05]} h6 {[%clk 0:01:10]} Kd3 {[%clk 0:36:16]}
hxg5 {[%clk 0:00:33]} Kxd2 {[%clk 0:36:37]} g4 {[%clk 0:00:35]} Ke3 {[%clk
0:37:02]}

[Variant "Standard"]
[Site "Europe Echecs"]

[Event "Open International Graz"]
[Date "2026.02.20"]
[White "Lalit Babu M R"]
[Black "Travadon, Loic"]
[WhiteElo "2511"]
[BlackElo "2483"]
[Round "9.9.1"]
[Result "1/2-1/2"]

d4 {[%clk 1:30:56]} Nf6 {[%clk 1:28:24]} c4 {[%clk 1:31:17]} e6 {[%clk 1:28:50]}
Nc3 {[%clk 1:31:44]} d5 {[%clk 1:29:13]} Bg5 {[%clk 1:32:08]} c6 {[%clk
1:27:11]} e3 {[%clk 1:32:16]} Nbd7 {[%clk 1:27:26]} Nf3 {[%clk 1:31:59]} h6
{[%clk 1:27:15]} Bh4 {[%clk 1:31:38]} g5 {[%clk 1:27:40]} Bg3 {[%clk 1:31:30]}
Nh5 {[%clk 1:28:04]} Be5 {[%clk 1:28:50]} Nhf6 {[%clk 1:28:24]} Bg3 {[%clk
1:28:38]} Nh5 {[%clk 1:28:48]} Be5 {[%clk 1:25:26]} Nhf6 {[%clk 1:29:12]} Bg3
{[%clk 1:22:13]}

[Variant "Standard"]
[Site "Europe Echecs"]

[Event "Open International Graz"]
[Date "2026.02.20"]
[White "Dehtiarov, Roman"]
[Black "Raja Rithvik R"]
[WhiteElo "2430"]
[BlackElo "2535"]
[Round "9.9.2"]
[Result "1/2-1/2"]

d4 {[%clk 1:30:55]} Nf6 {[%clk 1:30:16]} c4 {[%clk 1:31:16]} e6 {[%clk 1:30:43]}
Nf3 {[%clk 1:31:38]} d5 {[%clk 1:31:08]} g3 {[%clk 1:32:03]} Bb4+ {[%clk
1:30:42]} Bd2 {[%clk 1:32:26]} Be7 {[%clk 1:30:33]} Bg2 {[%clk 1:32:46]} O-O
{[%clk 1:30:55]} O-O {[%clk 1:33:02]} c6 {[%clk 1:31:10]} Qc2 {[%clk 1:33:26]}
a5 {[%clk 1:31:30]} Bf4 {[%clk 1:29:44]} Nbd7 {[%clk 1:31:53]} b3 {[%clk
1:28:16]} Nh5 {[%clk 1:19:54]} Bc1 {[%clk 1:28:34]} b5 {[%clk 1:19:06]} Ne5
{[%clk 1:12:17]} Bb7 {[%clk 0:53:30]} e4 {[%clk 0:54:52]} dxc4 {[%clk 0:46:56]}
bxc4 {[%clk 0:55:13]} Nxe5 {[%clk 0:47:01]} dxe5 {[%clk 0:55:30]} Qd4 {[%clk
0:47:29]} Qc3 {[%clk 0:38:11]} Bc5 {[%clk 0:41:33]} Be3 {[%clk 0:29:50]} Qxc3
{[%clk 0:41:17]} Nxc3 {[%clk 0:30:18]} Bxe3 {[%clk 0:39:44]} fxe3 {[%clk
0:28:15]} g5 {[%clk 0:23:25]} cxb5 {[%clk 0:28:29]} cxb5 {[%clk 0:23:39]} Nxb5
{[%clk 0:28:42]} Ba6 {[%clk 0:23:51]} Rfb1 {[%clk 0:24:26]} Rfc8 {[%clk
0:23:41]} Nd6 {[%clk 0:21:54]} Rc5 {[%clk 0:24:06]} Rb6 {[%clk 0:20:40]} Rxe5
{[%clk 0:19:37]} Rc1 {[%clk 0:20:29]} Ra7 {[%clk 0:17:12]} Rcc6 {[%clk 0:16:42]}
Bd3 {[%clk 0:17:40]} Rc3 {[%clk 0:16:21]} Ba6 {[%clk 0:18:01]} Rcc6 {[%clk
0:07:15]} Bd3 {[%clk 0:17:49]} Rc3 {[%clk 0:05:37]} Ba6 {[%clk 0:18:12]} Ne8
{[%clk 0:05:44]} Bb5 {[%clk 0:11:24]} Nc7 {[%clk 0:02:06]} Bd7 {[%clk 0:11:17]}
Na6 {[%clk 0:02:10]} Kg7 {[%clk 0:05:55]} Nc5 {[%clk 0:01:27]} Rc7 {[%clk
0:05:47]} Nxe6+ {[%clk 0:01:02]} Rxe6 {[%clk 0:05:38]} Rxc7 {[%clk 0:01:26]}
Rxb6 {[%clk 0:06:06]} Rxd7 {[%clk 0:01:17]} Rb1+ {[%clk 0:06:35]} Kf2 {[%clk
0:01:01]} Rb2+ {[%clk 0:06:15]} Kg1 {[%clk 0:01:12]} Nf6 {[%clk 0:03:37]} Rd1
{[%clk 0:00:42]} Ng4 {[%clk 0:03:36]} Re1 {[%clk 0:00:33]} Rxa2 {[%clk 0:03:21]}
e5 {[%clk 0:00:49]} Nxe5 {[%clk 0:03:31]} Bd5 {[%clk 0:00:33]} Rd2 {[%clk
0:01:22]} Ba8 {[%clk 0:00:58]} Nc4 {[%clk 0:12:20]} Ra1 {[%clk 0:13:30]} Rb2
{[%clk 0:06:43]} Bd5 {[%clk 0:08:10]} Nxe3 {[%clk 0:07:04]} Rxa5 {[%clk
0:08:38]} Rb1+ {[%clk 0:07:09]} Kf2 {[%clk 0:09:03]} Ng4+ {[%clk 0:07:34]} Kf3
{[%clk 0:07:39]} Nxh2+ {[%clk 0:06:28]} Kg2 {[%clk 0:07:55]} Rb2+ {[%clk
0:04:43]} Kh3 {[%clk 0:08:24]} f5 {[%clk 0:01:59]} Bg2 {[%clk 0:07:15]} Ng4
{[%clk 0:02:12]} Rxf5 {[%clk 0:07:36]} Ne3 {[%clk 0:02:30]} Rxg5+ {[%clk
0:08:00]} Kh6 {[%clk 0:02:50]} Re5 {[%clk 0:07:57]} Nxg2 {[%clk 0:03:18]} Re8
{[%clk 0:08:17]} Kg5 {[%clk 0:03:13]} Re7 {[%clk 0:08:30]} h5 {[%clk 0:02:57]}
Re5+ {[%clk 0:08:53]} Kg6 {[%clk 0:03:22]} Re7 {[%clk 0:08:44]} Kf5 {[%clk
0:03:33]} Re8 {[%clk 0:08:56]} Ra2 {[%clk 0:02:31]} Re7 {[%clk 0:09:10]} h4
{[%clk 0:02:18]} Re8 {[%clk 0:08:54]} Rb2 {[%clk 0:01:43]} Re7 {[%clk 0:08:55]}
Kg5 {[%clk 0:02:02]} Re5+ {[%clk 0:09:20]} Kf6 {[%clk 0:02:26]} Re4 {[%clk
0:09:19]} Kf5 {[%clk 0:02:00]} Re8 {[%clk 0:09:43]} Kg5 {[%clk 0:01:45]}

[Variant "Standard"]
[Site "Europe Echecs"]